Zváranie kombinovaných materiálov laserovým lúčom
Gespeichert in:
| 1. Verfasser: | |
|---|---|
| Weitere Verfasser: | |
| Format: | Manuskript Buch |
| Sprache: | Slowakisch |
| Veröffentlicht: |
2016
|
| Schlagworte: | |
| Online-Zugang: | http://is.stuba.sk/zp/portal_zp.pl?podrobnosti=121080 |
| Tags: |
Keine Tags, Fügen Sie das erste Tag hinzu!
|
MARC
| LEADER | 00000ntm a22000003a 4500 | ||
|---|---|---|---|
| 001 | stuzp56242 | ||
| 003 | SK-STU | ||
| 005 | 20160719154937.3 | ||
| 007 | ta | ||
| 008 | 150427s2015----xo-----f-mn---000-0-slo-d | ||
| 040 | |a STU |b slo | ||
| 041 | 0 | |a slo | |
| 100 | 1 | |a Kormúth, Viliam |u 063000 |4 aut |U MTF Materiálovotechnologická fakulta |T MTF Ústav výrobných technológií |X 46833 |U M3000 |Y 83 |7 46833 | |
| 242 | 0 | 1 | |a Welding of combined materials with a laser beam |y eng |
| 245 | 1 | 0 | |a Zváranie kombinovaných materiálov laserovým lúčom |
| 260 | |c 2016 | ||
| 650 | 4 | |a zváranie laserovým lúčom |2 slo | |
| 650 | 4 | |a kombinované materiály |2 slo | |
| 650 | 4 | |a zliatiny hliníka |2 slo | |
| 650 | 4 | |a nízkouhlíková oceľ |2 slo | |
| 650 | 4 | |a welding with laser beam |2 eng | |
| 650 | 4 | |a combined materials |2 eng | |
| 650 | 4 | |a aluminium alloys |2 eng | |
| 650 | 4 | |a low carbon steel |2 eng | |
| 700 | 1 | |a Kovačócy, Pavel |u 063700 |k Z1 |4 ths |U MTF Ústav výrobných technológií |T MTF Katedra zvárania a zlievarenstva |X 4171 |U M3700 |Y 842 |7 A000004171 | |
| 856 | 4 | |u http://is.stuba.sk/zp/portal_zp.pl?podrobnosti=121080 | |
| 996 | |c M* BP-7642 |l MMSKP |s P |a 0 |w stuzp56242_0001 | ||
| SQL | |a stuzp56242 |b DBP |c SLO |d Zváranie kombinovaných materiálov laserovým lúčom |e 46833 |f Kormúth, Viliam |g 063000 |h 4171 |i Kovačócy, Pavel |j 20160621 |k 178 |l 06 |m http://is.stuba.sk/zp/portal_zp.pl?podrobnosti=121080 |n B-VTE |o 5.2.51. výrobné technológie | ||